000
00251nam a22000857a 4500
008
161014b xxu||||| |||| 00| 0 eng d
100
_9
843
_a
R.R. Mishra
245
_a
New Course Science & Technology Chemistry-IX
260
_a
New Delhi
_b
Arya Publications
_c
2005
999
_c
3493
_d
3493